000 00485nam a2200169Ia 4500
999 _c28756
_d28756
003 OSt
005 20210106092131.0
008 190216s9999||||xx |||||||||||||| ||und||
040 _coclc
082 _a894.812301
_bMUK/V
100 _aMukundan, M
_96509
245 0 _aVesyakale Ningalkkorambalam /
_cM Mukundan
260 _bHaritham Books,
_aKozhikode:
_c2003.
300 _a95p
650 _aKathakal
942 _cBK
_2ddc
_h894.812301
_iMUK/V
_k894.812301
_mMUK/V